Performance of different latex harvesting systems to increase the labour productivity of rubber plantations in Thailand (Record no. 75721)

MARC details
000 -LEADER
fixed length control field 00899nam a22002057a 4500
100 ## - MAIN ENTRY--AUTHOR NAME
Personal name Lacote, R.
245 ## - TITLE STATEMENT
Title Performance of different latex harvesting systems to increase the labour productivity of rubber plantations in Thailand
260 ## - PUBLICATION, DISTRIBUTION, ETC. (IMPRINT)
Name of publisher Natural Rubber Industry: Way forward for the Competitiveness and Sustainability: Proceedings of the International Rubber Conference 2019, 30 September- 1st October 2019, International Rubber Research and Development Board and Myanmar Rubber Planters and Producers Association, Nai Pyi Taw,, Myanmar, pp. 92-111.
Year of publication 2022
650 ## - SUBJECT ADDED ENTRY--TOPICAL TERM
Topical Term Latex harvesting
650 ## - SUBJECT ADDED ENTRY--TOPICAL TERM
Topical Term Low frequency tapping
650 ## - SUBJECT ADDED ENTRY--TOPICAL TERM
Topical Term Labour productivity
650 ## - SUBJECT ADDED ENTRY--TOPICAL TERM
Topical Term Latex diagnosis
650 ## - SUBJECT ADDED ENTRY--TOPICAL TERM
Topical Term Latex physiological parameters
700 ## - ADDED ENTRY--PERSONAL NAME
Personal name Sainoi, T.
700 ## - ADDED ENTRY--PERSONAL NAME
Personal name Sdoodee, S.
700 ## - ADDED ENTRY--PERSONAL NAME
Personal name Rawiwan, C.
700 ## - ADDED ENTRY--PERSONAL NAME
Personal name Rongthong, P.
942 ## - ADDED ENTRY ELEMENTS (KOHA)
Koha item type Articles
Holdings
Withdrawn status Lost status Damaged status Not for loan Home library Current library Date acquired Koha item type
        RRII Library RRII Library 31/10/2025 Articles